01620nam a2200373Ia 4500001001200000003000800012006001900020007001500039008004100054010001700095020003500112020003600147020003800183020003900221040002100260035002100281050002400302245018800326260005300514300001700567490004100584504005100625533015200676650006100828650004900889655002900938700003100967700002400998700002201022710001701044830004201061856012601103999001701229ebr10389890CaPaEBRm u cr cn|||||||||090904s2010 inu sb 001 0 eng d z 2009036264 z025322179X (pbk. : alk. paper) z025335448X (cloth : alk. paper) z9780253221797 (pbk. : alk. paper) z9780253354488 (cloth : alk. paper) aCaPaEBRcCaPaEBR a(OCoLC)64220670614aLC1091b.C58 2010eb00aCitizenship across the curriculumh[electronic resource] /cedited by Michael B. Smith, Rebecca S. Nowacek, and Jeffrey L. Bernstein ; foreword by Mary Taylor Huber and Pat Hutchings. aBloomington :bIndiana University Press,cc2010. axvii, 219 p.1 aScholarship of teaching and learning aIncludes bibliographical references and index. aElectronic reproduction.bPalo Alto, Calif. :cebrary,d2011.nAvailable via World Wide Web.nAccess may be limited to ebrary affiliated libraries. 0aCitizenshipxStudy and teachingvCross-cultural studies. 0aCurriculum planningvCross-cultural studies. 7aElectronic books.2local1 aBernstein, Jeffrey,d1961-1 aNowacek, Rebecca S.1 aSmith, Michael B.2 aebrary, Inc. 0aScholarship of teaching and learning.40uhttp://site.ebrary.com/lib/rucke/Doc?id=10389890zAn electronic book accessible through the World Wide Web; click to view c91163d91163